Six Sigma: Cesta k zvyšovaniu výkonnosti podnikov a organizácií

Six Sigma znamená zlešovanie procesov a činnosti ľudí. Six Sigma ako nástroj realizácie stratégie podniku. Niekoľké hlavné charakteristiky, ktorými je prezentovaná metodológia Six Sigma. Projekt DMAIC (definuj projekt, meraj súčasnú výkonnosť procesu, analyzuj príčiny neuspokojivej výkonnosti, navrh...

ver descrição completa

Na minha lista:
Detalhes bibliográficos
Autor principal: Strýček, Pavol
Formato: Capítulo de Livro
Idioma:eslovaco
Assuntos:
Tags: Adicionar Tag
Sem tags, seja o primeiro a adicionar uma tag!

MARC

LEADER 00000naa$a2200000$$$4500
001 0002503
005 20231002121832.3
041 0 |a slo 
044 |a SK 
245 1 0 |a Six Sigma: Cesta k zvyšovaniu výkonnosti podnikov a organizácií  |c aut. Pavol Strýček 
520 |a Six Sigma znamená zlešovanie procesov a činnosti ľudí. Six Sigma ako nástroj realizácie stratégie podniku. Niekoľké hlavné charakteristiky, ktorými je prezentovaná metodológia Six Sigma. Projekt DMAIC (definuj projekt, meraj súčasnú výkonnosť procesu, analyzuj príčiny neuspokojivej výkonnosti, navrhni riešenia a testuj ich dopad na výkonnosť, udržuj zlepšenia). Vysvetlenie 6 sigma. 
610 2 0 |a Six Sigma 
610 2 0 |a zlepšovateľstvo 
610 2 0 |a výkonnosť 
610 2 0 |a výkony podnikové 
610 2 0 |a systémy riadenia 
610 2 0 |a metódy 
610 2 0 |a projekty 
610 2 0 |a nástroje riadenia 
100 1 |a Strýček, Pavol